00694nam a2200169Ia 4500008004000000020001800040082001700058100002000075245010000095260006000195300001000255650003800265690001500303906001100318999001900329952017600348210210b2001 xxu||||| |||| 00| 0 eng d a0 67 004903 4 a070.433 PRAI aPRATAP (Anita). aIsland of blood: frontline reports from Sri Lanka, Afghanistan & other South Asian flashpoints. aNew Delhi.bViking, Penguin Books India (P) Ltd.,c2001 ax,276 aSri Lanka, Afghanistan, Ayodhya  aJournalism a056800 c104450d104450 001040708JournalismaALbALcJournalismd2021-02-17eAthree Book Centre, Mangalore-01.g295.00l2o070.433 PRAIp056800r2025-12-01 15:00:04s2025-10-27w2021-02-17yBK